Văn học Việt Nam hiện đại Những chân dung tiêu biểu

Na minha lista:
Detalhes bibliográficos
Autor principal: PHONG LÊ
Formato: Livro
Idioma:Undetermined
Publicado em: Hà Nội ĐHQG 2001
Assuntos:
Tags: Adicionar Tag
Sem tags, seja o primeiro a adicionar uma tag!
Thư viện lưu trữ: Trung tâm Học liệu Trường Đại học Cần Thơ
LEADER 00587nam a2200217Ia 4500
001 CTU_46979
008 210402s9999 xx 000 0 und d
082 |a 895.922092 
082 |b Ph431 
100 |a PHONG LÊ 
245 0 |a Văn học Việt Nam hiện đại 
245 0 |b Những chân dung tiêu biểu 
245 0 |c PHONG LÊ 
260 |a Hà Nội 
260 |b ĐHQG 
260 |c 2001 
650 |a vietnamese literature,writers 
650 |x biography 
650 |z vietnam 
904 |i Minh 
980 |a Trung tâm Học liệu Trường Đại học Cần Thơ